| 000 | 00857cam a2200241 a 4500 | ||
|---|---|---|---|
| 001 | 4945425 | ||
| 005 | 20180301041530.0 | ||
| 008 | 960905s1997 caua b 001 0 eng | ||
| 010 | _a 96035662 | ||
| 020 | _a0761903852 (cloth : acidfree paper) | ||
| 020 | _a0761903860 (pbk. : acidfree paper) | ||
| 040 |
_aDLC _cDLC _dDLC |
||
| 041 | _aeng | ||
| 080 | _a305.3 BEN | ||
| 082 | 0 | 0 |
_a305.3 BEN _220 |
| 100 | _a50 | ||
| 101 | _aSOC | ||
| 245 | 0 | 0 |
_aSubtle sexism : _c[edited by] Nijole V. Benokraitis. |
| 504 | _aIncludes bibliographical references and index. | ||
| 906 |
_a7 _bcbc _corignew _d1 _eocip _f19 _gy-gencatlg |
||
| 942 |
_2ddc _cBK |
||
| 999 |
_c43784 _d43784 |
||